000 00339nam a22001577a 4500
003 SGT
020 _a9789351521549
082 _a150
_bP14A
100 _aANTHIKAD, JACOB
245 _aPSYCHOLOGY FOR GRADUATE NURSES
250 _a5TH
260 _aINDIA
_bJAYPEE
_c2014
300 _a356
650 _aPSYCHOLOGY
942 _2ddc
_cBK
_012
999 _c21890
_d21890